Countries That Eat the Most Pizza - Statistics

General Stats
  • This quiz has been taken 121 times
  • The average score is 9 of 11
Answer Stats
Rank Country % Correct
5 Italy
97%
2 United States of America
97%
7 France
93%
4 Germany
90%
3 United Kingdom
90%
10 China
87%
9 Japan
79%
8 Australia
78%
6 Russia
78%
11 Turkey
54%
1 Norway
36%
No matching quizzes found
Score Distribution
Percent of People with Each Score
Percentile by Number Answered
Your Score History
You have not taken this quiz